<?xml version="1.0" encoding="UTF-8"?>
<marc:record xmlns:marc="http://www.loc.gov/MARC21/slim">
   <marc:leader>00000nam a2200000 a 4500</marc:leader>
   <marc:datafield ind1="1" ind2=" " tag="100">
      <marc:subfield code="a">Wisser, Erich</marc:subfield>
      <marc:subfield code="4">aut</marc:subfield>
      <marc:subfield code="e">Verfasser/-in</marc:subfield>
   </marc:datafield>
   <marc:datafield ind1=" " ind2=" " tag="653">
      <marc:subfield code="a">Lieder</marc:subfield>
   </marc:datafield>
   <marc:datafield ind1=" " ind2=" " tag="653">
      <marc:subfield code="a">Noten</marc:subfield>
   </marc:datafield>
   <marc:datafield ind1=" " ind2=" " tag="653">
      <marc:subfield code="a">Märchen</marc:subfield>
   </marc:datafield>
   <marc:datafield ind1="0" ind2="0" tag="245">
      <marc:subfield code="a">Märchenlieder/ Fairy Tale Songs</marc:subfield>
   </marc:datafield>
   <marc:datafield ind1=" " ind2="1" tag="264">
      <marc:subfield code="b">Bucher Verlag GmbH</marc:subfield>
      <marc:subfield code="c">2020</marc:subfield>
   </marc:datafield>
   <marc:datafield ind1="1" ind2=" " tag="520">
      <marc:subfield code="a">Mit den von einem sechsjährigen Mädchen illustrierten Märchenliedern können Sie durch Singen in Familie, Kindergarten und Schule die das Selbstvertrauen stärkende Botschaft weitergeben: »Kinder, trotz aller Widrigkeiten vermögen auch die Kleinsten und Schwächsten von euch, das Leben fröhlich und mutig zu meistern!« Singen Sie die Märchen auf Deutsch und Englisch und vermitteln Sie so einen Grundwortschatz und das Gefu¨hl fu¨r die unterschiedlichen Ausdrucksmöglichkeiten der beiden Sprachen! Die rhythmischen Melodien dazu sind leicht zu spielen.</marc:subfield>
   </marc:datafield>
   <marc:datafield ind1=" " ind2=" " tag="020">
      <marc:subfield code="a">9783990185254</marc:subfield>
      <marc:subfield code="9">9783990185254</marc:subfield>
   </marc:datafield>
</marc:record>
